Word Ladder: Utah Jazz Quiz Stats

 Plays Quiz Updated Mar 15, 2019

Score 0/40 Timer 04:00
0 Plays Today
Hint 4-Letter Word % Correct
1. • All-time leading scorer, ____ Malone •KARL
89.1%
4. • All-time leader in blocks, ____ Eaton •MARK
84.7%
2. Racing apparatus for Mario and friendsKART
83%
3. Trading centerMART
80.1%
11. • 2018 DPOY, ____ Gobert •RUDY
76%
12. Iconic singer and performer, ____ GarlandJUDY
75.5%
23. • Home of the Jazz since 1979 •
[rung 17] ____ [rung 27]
LAKE
73.8%
17. • Home of the Jazz since 1979 •
____ [rung 23] [rung 27]
SALT
73.6%
20. Game piece for Scrabble or MahjongTILE
73.3%
22. Get possession ofTAKE
73.1%
40. • All-time leader in assists, ____ Stockton •JOHN
72.6%
21. Grimm storyTALE
72.6%
27. • Home of the Jazz since 1979 •
[rung 17] [rung 23] ____
CITY
71.3%
16. Word that may follow 'fire' or 'estate'SALE
70%
24. Social media actionLIKE
69.9%
14. Ornamental green gemJADE
69.8%
25. Low-calorie, in advertisingLITE
68.6%
18. Sedimentary material deposited in a
riverbank or harbor
SILT
68.5%
19. Move into sloping positionTILT
68.2%
13. Obscure protagonist of a 1895
Thomas Hardy novel
JUDE
67.4%
Hint 4-Letter Word % Correct
34. Opinion surveyPOLL
66.5%
6. Deer secretion used in perfumeMUSK
66.5%
7. Modal verb expressing obligationMUST
66%
15. French libertine writer and nobleman of the 18th century, Marquis de ____SADE
65.8%
39. Become unitedJOIN
65.4%
26. Invoke as evidence or authorityCITE
65.2%
33. U.S. President who oversaw major expansionPOLK
63.7%
5. Darkness, gloomMURK
62.6%
28. Clubber Lang's emotional offering for foolsPITY
60.4%
8. Tin Woodman's fear?RUST
60.2%
29. Round leavened flatbreadPITA
60.1%
9. Deceptive scheme or maneuverRUSE
59.6%
38. Invent a new phraseCOIN
59.3%
35. • Technique mastered by Jazz duo •
[rung 31] & ____
ROLL
58.8%
10. Number-one 2014 single by Magic!RUDE
58.7%
31. • Technique mastered by Jazz duo •
____ & [rung 35]
PICK
56.4%
37. Spiral structure used by Nikola TeslaCOIL
55.8%
32. Kind of markPOCK
54.4%
36. Stir up, disturbROIL
49.2%
30. 12 points, in typographyPICA
48.1%

Today's Daily Dose

Missing Word
Sherlocks

Word Ladder
King of the Hill

Quick Pick
Songs in Pink

Get the Picture
NBA Teammates

You're not logged in!

Compare scores with friends on all Sporcle quizzes.
OR
Log In

Sporcle TV

Today on Sporcle TV


Watch our educational content, quiz creation guides, and fun videos on Sporcle TV.

Show Comments

Extras

Top Quizzes Today


Score Distribution

Your Account Isn't Verified!

In order to create a playlist on Sporcle, you need to verify the email address you used during registration. Go to your Sporcle Settings to finish the process.

Report this User

Report this user for behavior that violates our Community Guidelines.

Details: